UM Logo

Students, teachers warned vs NPA recruitment/ (Record no. 14057)

MARC details
000 -LEADER
fixed length control field 00375nam a2200121 4500
008 - FIXED-LENGTH DATA ELEMENTS--GENERAL INFORMATION
fixed length control field 190731b ||||| |||| 00| 0 eng d
100 ## - MAIN ENTRY--PERSONAL NAME
9 (RLIN) 39058
Personal name Wakefield, Francis T.
245 ## - TITLE STATEMENT
Title Students, teachers warned vs NPA recruitment/
Statement of responsibility, etc. Francis T. Wakefield
260 ## - PUBLICATION, DISTRIBUTION, ETC. (IMPRINT)
Place of publication, distribution, etc. Philippines:
Name of publisher, distributor, etc. Manila Bulletin;
Date of publication, distribution, etc. c2019.
300 ## - PHYSICAL DESCRIPTION
Extent page 5.
650 #0 - SUBJECT ADDED ENTRY--TOPICAL TERM
9 (RLIN) 39059
Topical term or geographic name as entry element Terrorism.
942 ## - ADDED ENTRY ELEMENTS (KOHA)
Source of classification or shelving scheme Dewey Decimal Classification
Koha item type Periodicals
Holdings
Withdrawn status Lost status Source of classification or shelving scheme Damaged status Not for loan Collection code Home library Current library Date acquired Total Checkouts Date last seen Price effective from Koha item type Public note
    Dewey Decimal Classification     Periodicals UM Digos College - LIC UM Digos College - LIC 07/31/2019   07/31/2019 07/31/2019 Periodicals Newspaper Clippings